Top 15 Countries with Covid-19 Cases - 7 July 2021 - Statistics

General Stats
  • This quiz has been taken 26 times
  • The average score is 15 of 27
Answer Stats
country % Correct
United States
100%
Germany
92%
United Kingdom
92%
Brazil
88%
France
88%
Russia
88%
Spain
88%
India
84%
Italy
84%
Mexico
76%
Poland
76%
Argentina
68%
Turkey
64%
Iran
52%
Belgium
48%
Colombia
48%
Sweden
44%
Netherlands
40%
Czechia
36%
Israel
36%
Bahrain
28%
Panama
28%
Uruguay
28%
Lithuania
24%
Slovenia
20%
Estonia
16%
Georgia
12%
No matching quizzes found
Score Distribution
Percent of People with Each Score
Percentile by Number Answered
Your Score History
You have not taken this quiz